| 000 | 01102nam a2200265 a 4500 | ||
|---|---|---|---|
| 001 | 001052605 | ||
| 003 | AM-YeHGA | ||
| 005 | 20250617151020.0 | ||
| 008 | 141220s2014 gw r 000 0 ger d | ||
| 020 | _a9783769601282 | ||
| 040 | _aAM-YeHGA | ||
| 041 | 0 | _ager | |
| 100 | 1 |
_aSchmidt, Johannes, _d1843-1901 |
|
| 245 | 1 | 0 |
_aZur Geschichte der Sprachwissenschaft im 19. Jahrhundert : _bBriefe Johannes Schmidts an August Schleicher 1865-1868 / _cKlaus Strunk Hrsg. |
| 260 |
_aMunchen : _bBayerische Akad. der Wissenschaften, _c2014. |
||
| 300 |
_a128 p. : _bill. : 1 facsim. |
||
| 490 | 1 |
_aBayerische Akademie der Wissenschaften. Philosophisch-Historische Klasse. Abhandlungen. Neue Folge _x0005710X _vHeft 140 |
|
| 504 | _aIncludes bibliogr. references | ||
| 600 | 1 | 4 |
_aSchmidt, Johannes _d1843-1901 _xCorrespondence |
| 600 | 1 | 4 |
_aSchleicher, August _d1821-1868 |
| 650 | 1 | 4 |
_aLinguistucs _zGermany _xHistory _y19th century |
| 700 | 1 |
_aStrunk, Klaus _4edt |
|
| 830 | 0 |
_aBayerische Akademie der Wissenschaften. Philosophisch-Historische Klasse. Abhandlungen. Neue Folge _vHeft 140 |
|
| 090 | _c344767 | ||
| 999 |
_c342971 _d342971 |
||